000 00466nam a22001337a 4500
040 _cNUST
082 _a200 THE
100 _aRida Maryam Ahmad
_9102394
110 _aSupervisor Dr. Ahsan Shahzad
_992097
245 _aTH-SOF-2104-Robust Fall Detection Algorithm by Thigh Mounted Smart Phones using Artificial Intelligence and Feature Selection Techniques
260 _aISLAMABAD:
_bNUST COLLEGE OF EME,
_c2022.
650 _aMS-ELECT-20
_995936
942 _2ddc
_cTHE
999 _c592252
_d592252